LEADER 01394nam a2200313 a 4500 001 000000121273 003 CaOOAMICUS 005 20100419150716.0 008 100419t2010 it u000 u ita r 020 $a978-88-13-29995-8 040 $aPUL$bita$dReb 082 04$a345.0527 100 1 $aNiro, Massimo.$0(OLS)http://pul/name/75932 245 10$aArresti domiciliari e detenzione domiciliare /$cMassimo Niro, Massimiliano Signorini. 260 $aPadova :$bCEDAM,$cİ2010. 300 $aix, 246 p. ;$c24 cm 490 1 $aEnciclopedia.$aDiritto penale ;$v153 504 $aBibliografia p. [233]-236. 650 4$aProcedura penale.$0(OLS)http://pul/subject/9185 650 4$aDetenzione domiciliare$xLegislazione$zItalia.$0(OLS)http://pul/subject/36737 700 1 $aSignorini, Massimiliano.$0(OLS)http://pul/name/75933 830 0$aEnciclopedia.$pDiritto penale ;$v153.$0(OLS)http://pul/title/147317 850 $aPUL 852 $aPUL$W1$xSL Diritto e Scienze Sociali 3$y79$m345. 0527 NIRMA 1$j139050$qDDC 21$B138288$CPULBib$Z2$F138288 $H113364 $82 941 1 $a9 996 $6020$a978-88-13-29995-8$9(OLS)http://pul/number/143904 996 $6082$a345.0527$9(OLS)http://pul/classification/452 996 $6245$aArresti domiciliari e detenzione domiciliare$9(OLS)http://pul/title/152547 996 $6260$aPadova :$bCEDAM$9(OLS)http://pul/publisher/48126 LEADER 01349nam a2200277 a 4500 001 000000132298 003 CaOOAMICUS 005 20130111124645.0 008 130111s2012 it ad u000 u eng r 020 $a978-88-6105-132-4 040 $aPUL$bita 245 00$aAssessing communication :$bintegrated approaches in political, social and business context /$cEmiliana De Blasio ... [et. al.]; edited by Michele Sorice. 260 $aRoma :$bLuiss University Press,$c2012. 300 $a162 p. :$bill. ;$c21 cm. 500 $aIn copertina: LUISS CMCS, Centre for media and communication studies Massimo Baldini. 500 $aPrefazione di Pier Luigi Celli. 650 4$aComunicazione (politica).$0(OLS)http://pul/subject/25084 700 1 $aDe Blasio, Emiliana.$0(OLS)http://pul/name/78703 700 1 $aCelli, Pier Luigi.$0(OLS)http://pul/name/51607 850 $aPUL 852 $aPUL$W1$xSL Diritto e Scienze Sociali 3$y79$m302. 2 DEBEM 3$j152249$qDDC 21$B151602$CPULBib$Z2$F151602 $H121294 $82 941 1 $a9 996 $6020$a978-88-6105-132-4$9(OLS)http://pul/number/151469 996 $6245$aAssessing communication :$bintegrated approaches in political, social and business context$9(OLS)http://pul/title/167129 996 $6260$aRoma :$bLuiss University Press$9(OLS)http://pul/publisher/79725